Welcome to the Holygrace Academy Library

Please use search bar below to get started

PICTURE THIS (Record no. 458)

MARC details
000 -LEADER
fixed length control field 00317nam a22001337a 4500
020 ## - INTERNATIONAL STANDARD BOOK NUMBER
ISBN 812860837-1
082 ## - DEWEY DECIMAL CLASSIFICATION NUMBER
Classification number 823
Item number JON/P
100 ## - MAIN ENTRY--AUTHOR NAME
Personal name LIZZIE MCGUIRE
245 ## - TITLE STATEMENT
Title PICTURE THIS
260 ## - PUBLICATION, DISTRIBUTION, ETC. (IMPRINT)
Place of publication MUMBAI
Name of publisher EURO BOOKS INTERNATIONAL
Year of publication 2007
300 ## - PHYSICAL DESCRIPTION
Number of Pages 134
650 ## - SUBJECT ADDED ENTRY--TOPICAL TERM
Topical Term FROM THE HIT TV SERIES ON DISNEY CHANNEL
942 ## - ADDED ENTRY ELEMENTS (KOHA)
Koha item type Books
Holdings
Withdrawn status Lost status Collection code Home library Current library Shelving location Date acquired Source of acquisition Cost, normal purchase price Full call number Accession Number Koha item type
    Fiction Main Library Main Library On Display 29/01/2019 purchase 50.00 823 JON/P 10807 Books